000 01063nam a2200313 c 4500
003 EG-GICUC
005 20260409105856.0
008 260409s1993 fr abdofr|||| 00| 0 fre d
020 _a2707122920
040 _aEG-GiCUC
_bfre
_cEG-GiCUC
_dEG-GiCUC
_eRda
041 0 _afre
082 0 4 _221
_a341.48
_bRE
092 0 4 _221
099 _aLaw1 11 341.48 RE 1993
100 1 _aDurante, Francesco
_eAuteur
245 1 2 _aLes réfugiés dans le monde 1993 :
_bL'enjeu de la protection /
_c Haut Commissariat des Nations Unies pour les réfugiés.
264 1 _aParis :
_bÉditions La Découverte ,
_c1993.
300 _a191 page :
_billustration ,
_c 26 cm.
336 _2rda contenu
_a texte
337 _2rda medias
_aOrdinateur
338 _2 transporteur rda
_a Ressource en ligne
504 _a
546 _aTexte en français
650 1 4 _aDroit international public
710 2 _a Haut Commissariat des Nations Unies pour les réfugiés
856 4 0 _uhttps://fll.law.cu.edu.eg/fulltext/bks/B11-08998.pdf
905 _a48
942 _2ddc
_cBK
_e21
_n0
999 _c69806
_d69806